000
00252nam a22001217a 4500
041
_a
ENG
100
_a
Patel.R.C
245
_a
Machine Design Vol 2
260
_a
Delhi
_b
C.Jamnadas & Co
_c
1996
300
_a
264
650
_a
FMP
856
_u
FMP ( 23 )
999
_c
1356
_d
1356